MARC

LEADER 00000nam0a2200000 4500
001 285777
005 20231101235828.0
020 |a RU  |b 85-34960 
035 |a (RuTPU)RU\TPU\book\310053 
090 |a 285777 
100 |a 20150227d1985 k y0rusy5003 ca 
101 0 |a rus 
102 |a UA 
105 |a a z 001zy 
200 1 |a Проектирование летательных аппаратов и их систем  |e сборник научных трудов  |f Академия наук Украинской ССР (АН УССР) ; под ред. В. С. Будника 
210 |a Киев  |c Наукова думка  |d 1985 
215 |a 193 с.  |c ил. 
320 |a Библиография в конце статей 
606 |a Летательные аппараты  |x Проектирование  |x Математические методы  |2 stltpush  |3 (RuTPU)RU\TPU\subj\40084  |9 59956 
610 1 |a модели 
610 1 |a задача о ранце 
610 1 |a решение 
610 1 |a множитель Лагранжа 
610 1 |a экстремумы 
610 1 |a схемы 
610 1 |a построение 
610 1 |a рабочее тело 
610 1 |a динамика 
610 1 |a термогазодинамика 
610 1 |a турбулентные струи 
610 1 |a распространение 
610 1 |a технические системы 
610 1 |a метод граничных элементов 
610 1 |a надежность 
610 1 |a распределение Райса 
675 |a 629.73.01  |v 3 
702 1 |a Будник  |b В. С.  |g Василий Сергеевич  |4 340 
712 0 2 |a Академия наук Украинской ССР (АН УССР)  |c (1936-1991)  |2 stltpush  |3 (RuTPU)RU\TPU\col\332 
801 0 |a RU  |b RuMRKP  |c 19950704  |g psbo 
801 1 |a RU  |b 63413507  |c 20150227 
801 2 |a RU  |b 63413507  |c 20200827  |g RCR 
942 |c BK